| 000 | 01089pam a2200361 i 4500 | ||
|---|---|---|---|
| 999 |
_c3083 _d3083 |
||
| 001 | 020905992 | ||
| 003 | UkOxU | ||
| 005 | 20231004091222.0 | ||
| 008 | 170301r20171991enka j |0|0 1|eng d | ||
| 015 |
_aGBB774433 _2bnb |
||
| 016 | 7 |
_a018329459 _2Uk |
|
| 020 |
_a9780141377360 _qpaperback |
||
| 035 | _a(Uk)018329459 | ||
| 040 |
_aStDuBDS _beng _erda _cStDuBDS _dUk |
||
| 042 | _aukblsr | ||
| 082 | 0 | 4 |
_a823.92 RID _223 |
| 100 | 1 |
_aRidley, Philip, _eauthor. |
|
| 245 | 1 | 0 |
_aKrindlekrax / _cPhilip Ridley ; illustrated by Stephen Lee. |
| 264 | 1 |
_aLondon : _bPuffin Books, _c2017. |
|
| 264 | 4 | _c©1991 | |
| 300 |
_a213 pages : _billustrations (black and white) ; _c20 cm |
||
| 336 |
_atext _2rdacontent |
||
| 336 |
_astill image _2rdacontent |
||
| 337 |
_aunmediated _2rdamedia |
||
| 338 |
_avolume _2rdacarrier |
||
| 500 | _aOriginally published: London : Cape, 1991. | ||
| 500 |
_aFormerly CIP. _5Uk |
||
| 530 | _aAlso available electronically. | ||
| 655 | 0 | _aFantasy fiction. | |
| 655 | 0 | _aChildren's stories. | |
| 700 | 1 |
_aRidley, Philip, _eillustrator. |
|
| 942 |
_2ddc _cFIC |
||